[Event "Calvi Balagne op 05th"]
[Site "Calvi"]
[Date "2008.04.07"]
[Round "2"]
[White "Massoni, Michael"]
[Black "Poiron, Nicolas"]
[Result "1-0"]
[WhiteElo "2176"]
[BlackElo "1865"]
[PlyCount "55"]
[EventDate "2008.04.06"]
[EventType "swiss"]
[EventRounds "9"]
[EventCountry "FRA"]
[SourceTitle "CBM 123 Extra"]
[Source "ChessBase"]
[SourceDate "2008.05.06"]
[SourceVersion "1"]
[SourceVersionDate "2008.05.06"]
[SourceQuality "1"]

1. e4 c5 2. Nf3 Nc6 3. d4 cxd4 4. Nxd4 Nf6 5. Nc3 e5 6. Ndb5 d6 7. Bg5 a6 8. Na3 b5 9. Nd5 Be7 10. Bxf6 Bxf6 11. c4 Qa5+ 12. Qd2 Qxd2+ 13. Kxd2 b4 14. Nc7+ Ke7 15. Nxa8 bxa3 16. bxa3 Bg5+ 17. Kc3 Be6 18. Nb6 Rb8 19. Rb1 f5 20. Bd3 g6 21. h4 Bf6 22. Nd5+ Bxd5 23. cxd5 Rxb1 24. Rxb1 Nd4 25. Rb7+ Kf8 26. h5 Be7 27. hxg6 hxg6 28. Kb4 1-0

[Event "Calvi Balagne op 04th"]
[Site "Calvi"]
[Date "2007.02.27"]
[Round "2"]
[White "Poiron, Nicolas"]
[Black "Flear, Glenn C"]
[Result "0-1"]
[WhiteElo "1899"]
[BlackElo "2480"]
[PlyCount "40"]
[EventDate "2007.02.26"]
[EventType "swiss"]
[EventRounds "7"]
[EventCountry "FRA"]
[SourceTitle "CBM 117 Extra"]
[Source "ChessBase"]
[SourceDate "2007.05.09"]
[SourceVersion "1"]
[SourceVersionDate "2007.05.09"]
[SourceQuality "1"]

1. d4 d5 2. c4 c6 3. Nc3 dxc4 4. e3 b5 5. a4 b4 6. Ne4 Qd5 7. Nc5 e5 8. Nf3 Bxc5 9. dxc5 Nd7 10. Qxd5 cxd5 11. c6 Nc5 12. Nxe5 Nb3 13. Rb1 Bf5 14. Nd3 cxd3 15. Bd2 Ne7 16. Rd1 Nxc6 17. f3 h5 18. Kf2 0-0 19. Kg1 Nxd2 20. Rxd2 Ne5 0-1

[Event "Corsica-ch"]
[Site "Bastia"]
[Date "2006.05.06"]
[Round "1.1"]
[White "Humeau, Cyril"]
[Black "Poiron, Nicolas"]
[Result "1-0"]
[WhiteElo "2104"]
[BlackElo "1730"]
[PlyCount "103"]
[EventDate "2006.05.03"]
[EventType "k.o."]
[EventRounds "4"]
[EventCountry "FRA"]
[SourceTitle "EXT 2007"]
[Source "ChessBase"]
[SourceDate "2006.11.23"]
[SourceVersion "1"]
[SourceVersionDate "2006.11.23"]
[SourceQuality "1"]

1. b4 d5 2. Bb2 e6 3. e3 Nf6 4. a3 Bd6 5. c4 c6 6. Nf3 Nbd7 7. d4 0-0 8. Nbd2 Re8 9. Be2 e5 10. dxe5 Nxe5 11. Nxe5 Bxe5 12. Bxe5 Rxe5 13. Nf3 Re8 14. cxd5 Nxd5 15. Rc1 Qf6 16. Qd4 Bf5 17. Qxf6 Nxf6 18. Nd4 Be4 19. 0-0 Nd5 20. Rfe1 Nc7 21. f3 Bg6 22. Kf2 Nd5 23. e4 Nf4 24. Bf1 Rad8 25. Red1 Rd7 26. Nxc6 Rxd1 27. Ne7+ Kf8 28. Nxg6+ Nxg6 29. Rxd1 Ne5 30. Rc1 Rd8 31. Ke3 Nc6 32. Be2 Rd6 33. b5 Nd8 34. Rc8 Ke8 35. Ra8 Rg6 36. g3 Rh6 37. h4 Rg6 38. g4 Rh6 39. h5 g6 40. hxg6 fxg6 41. Rxa7 Rh1 42. a4 Ra1 43. a5 h5 44. gxh5 gxh5 45. a6 b6 46. Rh7 Ra3+ 47. Kf2 Ra2 48. Rh6 h4 49. Rxb6 h3 50. Rh6 h2 51. b6 Nc6 52. b7 1-0

[Event "Corsica-ch"]
[Site "Bastia"]
[Date "2006.05.06"]
[Round "1.2"]
[White "Poiron, Nicolas"]
[Black "Humeau, Cyril"]
[Result "0-1"]
[WhiteElo "1730"]
[BlackElo "2104"]
[PlyCount "74"]
[EventDate "2006.05.03"]
[EventType "k.o."]
[EventRounds "4"]
[EventCountry "FRA"]
[SourceTitle "EXT 2007"]
[Source "ChessBase"]
[SourceDate "2006.11.23"]
[SourceVersion "1"]
[SourceVersionDate "2006.11.23"]
[SourceQuality "1"]

1. Nf3 b5 2. e4 Bb7 3. d3 c5 4. Be3 e6 5. Be2 Nf6 6. 0-0 Be7 7. e5 Nd5 8. d4 a6 9. Nc3 Nxc3 10. bxc3 c4 11. Nd2 d5 12. Qe1 Qa5 13. Nb1 Nd7 14. f4 g6 15. Kh1 h5 16. Qg3 0-0-0 17. Bg1 Bc6 18. Nd2 Ba3 19. Qe3 Bb2 20. Rab1 Qxc3 21. Qxc3 Bxc3 22. Nf3 Nb6 23. Bf2 Rd7 24. Bh4 Kc7 25. Bf6 Rb8 26. Rfd1 Na4 27. Ng5 Nb2 28. Rf1 Bxd4 29. f5 gxf5 30. Bxh5 Kb6 31. Bxf7 Rxf7 32. Nxf7 c3 33. Rf4 Be3 34. Rf3 d4 35. Bd8+ Rxd8 36. Rxe3 Rd7 37. Rd3 Nxd3 0-1

[Event "Calvi Balagne op 03rd"]
[Site "Calvi"]
[Date "2006.02.26"]
[Round "8"]
[White "Geronimi, Pierre Francois"]
[Black "Poiron, Nicolas"]
[Result "1-0"]
[WhiteElo "1839"]
[BlackElo "1730"]
[PlyCount "43"]
[EventDate "2006.02.19"]
[EventType "swiss"]
[EventRounds "9"]
[EventCountry "FRA"]
[SourceTitle "CBM 110 Extra"]
[Source "ChessBase"]
[SourceDate "2006.03.10"]
[SourceVersion "2"]
[SourceVersionDate "2006.03.10"]
[SourceQuality "1"]

1. e4 c5 2. Nf3 Nc6 3. d4 cxd4 4. Nxd4 Nf6 5. Nc3 e5 6. Ndb5 d6 7. Nd5 Nxd5 8. exd5 Nb8 9. c4 g6 10. Be2 Bg7 11. Bd2 0-0 12. Bb4 e4 13. Bxd6 Bxb2 14. Bxf8 Bxa1 15. Qxa1 Qxf8 16. Nc7 Na6 17. Nxa8 Qe7 18. 0-0 Qg5 19. f4 exf3 20. Bxf3 Nc5 21. Re1 Bd7 22. Qd4 1-0

[Event "Calvi Balagne op 03rd"]
[Site "Calvi"]
[Date "2006.02.25"]
[Round "7"]
[White "Poiron, Nicolas"]
[Black "Ferrandi, Jerome"]
[Result "1-0"]
[WhiteElo "1730"]
[BlackElo "1610"]
[PlyCount "43"]
[EventDate "2006.02.19"]
[EventType "swiss"]
[EventRounds "9"]
[EventCountry "FRA"]
[SourceTitle "CBM 110 Extra"]
[Source "ChessBase"]
[SourceDate "2006.03.10"]
[SourceVersion "2"]
[SourceVersionDate "2006.03.10"]
[SourceQuality "1"]

1. d4 f5 2. c4 g6 3. Nc3 Nf6 4. e3 Bg7 5. Nf3 0-0 6. Bd3 c6 7. 0-0 d6 8. e4 fxe4 9. Nxe4 Nxe4 10. Bxe4 Bg4 11. h3 d5 12. cxd5 Bxf3 13. Bxf3 cxd5 14. Qb3 e6 15. Qxb7 Bxd4 16. Qxa8 Qd7 17. Bh6 Rc8 18. Rad1 Bg7 19. Bxg7 Kxg7 20. Bxd5 exd5 21. Qxd5 Qxd5 22. Rxd5 1-0

[Event "FRA-ch U12"]
[Site "Aix les Bains"]
[Date "2006.??.??"]
[Round "7"]
[White "Godart, Francois"]
[Black "Poiron, Nicolas"]
[Result "1-0"]
[WhiteElo "1937"]
[BlackElo "1730"]
[PlyCount "39"]
[EventDate "2006.04.16"]
[EventType "swiss"]
[EventRounds "9"]
[EventCountry "FRA"]
[SourceTitle "EXT 2007"]
[Source "ChessBase"]
[SourceDate "2006.11.23"]
[SourceVersion "1"]
[SourceVersionDate "2006.11.23"]
[SourceQuality "1"]

1. b3 e5 2. Bb2 Nc6 3. e3 Nf6 4. Bb5 d6 5. Ne2 a6 6. Bxc6+ bxc6 7. d4 exd4 8. Nxd4 Bb7 9. 0-0 Be7 10. Nd2 c5 11. Nf5 0-0 12. e4 Re8 13. Qf3 Bf8 14. Nh6+ gxh6 15. Bxf6 Qxf6 16. Qxf6 Bg7 17. Qf3 Bxa1 18. Rxa1 Re5 19. Qg4+ Rg5 20. Qd7 1-0

[Event "FRA-ch U12"]
[Site "Aix les Bains"]
[Date "2006.??.??"]
[Round "4"]
[White "Poiron, Nicolas"]
[Black "Ider, Borya"]
[Result "0-1"]
[WhiteElo "1730"]
[BlackElo "1925"]
[PlyCount "74"]
[EventDate "2006.04.16"]
[EventType "swiss"]
[EventRounds "9"]
[EventCountry "FRA"]
[SourceTitle "EXT 2007"]
[Source "ChessBase"]
[SourceDate "2006.11.23"]
[SourceVersion "1"]
[SourceVersionDate "2006.11.23"]
[SourceQuality "1"]

1. Nf3 Nf6 2. g3 d5 3. Bg2 Bf5 4. 0-0 e6 5. c4 c6 6. Nc3 Nbd7 7. d3 Bc5 8. Re1 0-0 9. cxd5 exd5 10. e4 dxe4 11. dxe4 Bg6 12. Qb3 Ng4 13. Re2 Qb6 14. Qxb6 Bxb6 15. Bf4 Nc5 16. h3 Nf6 17. e5 Nfd7 18. Rd1 Nd3 19. Red2 N7c5 20. Be3 Rfe8 21. Bxc5 Nxc5 22. b4 Ne4 23. Nxe4 Bxe4 24. Rd7 h6 25. Rxb7 c5 26. Rbd7 cxb4 27. Re1 Bf5 28. Rdd1 Rad8 29. Rxd8 Rxd8 30. g4 Be6 31. Rc1 Bxa2 32. Ne1 b3 33. Be4 b2 34. Rc6 b1Q 35. Bxb1 Bxb1 36. Rc1 Be4 37. Kf1 Rd2 0-1

[Event "FRA-ch U12"]
[Site "Aix les Bains"]
[Date "2006.??.??"]
[Round "3"]
[White "Poiron, Nicolas"]
[Black "Saatdjian, Stephane"]
[Result "1/2-1/2"]
[WhiteElo "1730"]
[BlackElo "1881"]
[PlyCount "57"]
[EventDate "2006.04.16"]
[EventType "swiss"]
[EventRounds "9"]
[EventCountry "FRA"]
[SourceTitle "EXT 2007"]
[Source "ChessBase"]
[SourceDate "2006.11.23"]
[SourceVersion "1"]
[SourceVersionDate "2006.11.23"]
[SourceQuality "1"]

1. Nf3 d5 2. g3 c5 3. Bg2 Nf6 4. 0-0 Nc6 5. c4 e6 6. Nc3 Be7 7. cxd5 exd5 8. d4 c4 9. Re1 Bf5 10. Bf4 0-0 11. Ne5 Bg6 12. Nxc6 bxc6 13. e4 Re8 14. exd5 cxd5 15. Re5 Qb6 16. Nxd5 Nxd5 17. Bxd5 Bf6 18. Bxa8 Bxe5 19. Bxe5 Rxa8 20. Qe2 Bd3 21. Qd2 f6 22. Bf4 Qxd4 23. Be3 Qe5 24. Qb4 Rb8 25. Qc3 Qb5 26. b3 a6 27. bxc4 Bxc4 28. a4 Qd5 29. Rc1 1/2-1/2

[Event "France-ch U10"]
[Site "Reims"]
[Date "2004.04.22"]
[Round "6"]
[White "Gattullo, Ellia"]
[Black "Poiron, Nicolas"]
[Result "1/2-1/2"]
[WhiteElo "1540"]
[BlackElo "1420"]
[PlyCount "51"]
[EventDate "2004.04.??"]
[EventType "swiss"]
[EventRounds "9"]
[EventCountry "FRA"]
[SourceTitle "EXT 2005"]
[Source "ChessBase"]
[SourceDate "2004.11.15"]
[SourceVersion "1"]
[SourceVersionDate "2004.11.15"]
[SourceQuality "1"]

1. c4 e5 2. Nc3 Nf6 3. d3 d5 4. Bg5 Bb4 5. cxd5 Qxd5 6. a3 Bxc3+ 7. bxc3 Nbd7 8. Nf3 0-0 9. g3 Re8 10. Bg2 h6 11. Bd2 Nc5 12. 0-0 e4 13. c4 Qd6 14. Bf4 exf3 15. Bxd6 fxe2 16. Bxc5 exd1Q 17. Raxd1 Bf5 18. Bxb7 Rab8 19. Bc6 Re6 20. Bf3 Rb3 21. Bb4 Kh7 22. Be4 Nxe4 23. dxe4 Rxe4 24. c5 Rb2 25. Rfe1 Rbe2 26. Kg2 1/2-1/2